000 03197cam a2200373 a 4500
999 _c234623
_d234623
001 15945575
003 Nust
005 20170328114010.0
008 091013s2010 nyua b 001 0 eng
010 _a 2009042902
020 _a81-7754-374-1
035 _a(DNLM)101517224
040 _aDNLM/DLC
_cASAB
_dDLC
042 _apcc
050 0 0 _aTP248.2
_b.R435 2010
060 1 0 _aQU 450
_bR295 2009
082 0 0 _a660.6
_222
245 0 0 _aRecent trends in biotechnology and microbiology /
_ceditor : Prof. P.R. Jatkar et.al..
300 _axiii, 366 p. :
_bill. (some col.) ;
_c27 cm.
490 0 _aMicrobiology research advances series
504 _aIncludes bibliographical references and index.
505 0 _aFunctional fermented foods and health / J. B. Prajapati -- Microbes as a tool in insect pest management of horticultural crops in India : progress and prospects / P.N. Gangavisalakshy -- Genetic engineering for viral resistance in vegetable crops / P. Sharma, T. Ogawa & M. Ikegami -- Microarrays : concepts and applications / Smita Singh ... [et al.] -- Biological characterization, genome organization and management strategies of begomoviruses causing severe economic losses to chilli cultivation in India / M.S. Khan, S.K. Snehi & S.K. Raj -- Virus (es) infecting stone fruits : detection methods and biotechnological approaches towards management strategies / Vanita Chandel ... [et al.] -- Transgenic crops- another leapfrog technology / P. Balasubramanian -- Phytoplasma diseases of weeds : detection, taxonomy & diversity / Smriti Mall, Govind P. Rao & Carmine Marcone --
505 0 _aAn overview of gene silencing and its applications / Richa Raizada ... [et al.] -- Amplified fragment length polymorphism (AFLP) as molecular marker : a PCR based technique and its applications in plant sciences / Mangal Singh, Saroj Sharma and R.K. Gaur -- Mycorrhiza and its significance in crop improvement / Harish Dhingra & Sakshi Issar -- Biotechnology of post harvest diseases of fruits and vegetables / Sudhir Chandra, Raghvendra P. Narayan and H. K. Kehri -- NeuroAIDS in Indian scenario / A.S. Verma, A. Singh & P.D. Dwivedi -- In vitro morphogenesis (rhizogenesis) in Kalihari (Gloriosa superba L.) : an alternative source of colchicine production / M.S. Rathore ... [et al.] -- Genetically modified organisms & their applications in modern era / Sakshi Issar & Harish Dhingra -- Patenting of life forms : Indian scenario / Anvita Parashar -- IPR and agri-biotech management : the big picture / A.K.Sharma, Sushil Rai & Anjali Sharma.
650 0 _aBiotechnology.
650 0 _aMicrobial biotechnology.
650 0 _aGenetic engineering.
650 1 2 _aGenetic Engineering
_xmethods
_zIndia.
650 2 2 _aBiotechnology
_zIndia.
650 2 2 _aCrops, Agricultural
_xmicrobiology
_zIndia.
700 1 _aGaur, Rajarshi Kumar.
906 _a7
_bcbc
_corignew
_d1
_eecip
_f20
_gy-gencatlg
942 _2ddc
_cBK